Southville International School and Colleges
Your cart is empty.
  • Cart
  • Lists
    Public lists Eva Luna New books Lux_list list_1
    Your lists Log in to create your own lists
  • Log in to your account
  • Your cookies
  • Search history
Southville International School and Colleges
  • Advanced search
  • Recent comments
  • Most popular
  • Libraries

Log in to your account

Log in with GOOGLE


If you do not have an external account, but do have a local account, you can still log in:

  1. Home
  2. MARC view: Weather vanes, level 6 :
Normal view MARC view ISBD view

Weather vanes, level 6 : (Record no. 102071)

[ view plain ]
MARC details
000 -LEADER
fixed length control field 00654nam a2200193 a 4500
005 - DATE AND TIME OF LATEST TRANSACTION
control field 20140412111227.0
008 - FIXED-LENGTH DATA ELEMENTS--GENERAL INFORMATION
fixed length control field 020410s19uu xx 00 eng d
020 ## - INTERNATIONAL STANDARD BOOK NUMBER
International Standard Book Number 0-15-330071-X
050 ## - LIBRARY OF CONGRESS CALL NUMBER
Classification number TR(GS 428.6
Item number C898We HBJ L.6 1989
100 ## - MAIN ENTRY--PERSONAL NAME
Personal name Cullinan, Bernice E.
245 ## - TITLE STATEMENT
Title Weather vanes, level 6 :
Remainder of title study book reading activities /
Statement of responsibility, etc Bernice E. Cullinan, Roger C. Farr, W. Dorsey Hammond, Nancy L. Roser, Dorothy Strickland.
250 ## - EDITION STATEMENT
Edition statement Laureate Ed.
260 ## - PUBLICATION, DISTRIBUTION, ETC. (IMPRINT)
Place of publication, distribution, etc Orlando :
Name of publisher, distributor, etc Harcourt Brace Jovanovich, Publihsers,
Date of publication, distribution, etc 1989.
300 ## - PHYSICAL DESCRIPTION
Extent 126 p.
440 ## - SERIES STATEMENT/ADDED ENTRY--TITLE
Title HBJ Reading Program
650 ## - SUBJECT ADDED ENTRY--TOPICAL TERM
Topical term or geographic name as entry element Reading
650 ## - SUBJECT ADDED ENTRY--TOPICAL TERM
Topical term or geographic name as entry element Work book
Holdings
Withdrawn status Lost status Damaged status Home library Current library Shelving location Date acquired Source of acquisition Total Checkouts Full call number Barcode Date last seen Price effective from Koha item type
      Elizalde Library Elizalde Library Teachers Reference Section 04/10/2002     TR(GS 428.6 C898We HBJ L.6 1989 E0436 04/12/2014 04/12/2014 Books

Weather vanes, level 6 :

APA

Cullinan B. E., . (1989). Weather vanes, level 6. Orlando: Harcourt Brace Jovanovich, Publihsers.

Chicago

Cullinan Bernice E, . 1989. Weather vanes, level 6. Orlando: Harcourt Brace Jovanovich, Publihsers.

Harvard

Cullinan B. E., . (1989). Weather vanes, level 6. Orlando: Harcourt Brace Jovanovich, Publihsers.

MLA

Cullinan Bernice E, . Weather vanes, level 6. Orlando: Harcourt Brace Jovanovich, Publihsers. 1989.

  • Place hold
  • Print
  • Cite
  • Add to your cart (remove)
  • Save record
    BIBTEX Dublin Core MARCXML MARC (non-Unicode/MARC-8) MARC (Unicode/UTF-8) MARC (Unicode/UTF-8, Standard) MODS (XML) RIS
  • More searches
    Search for this title in:
    Other Libraries (WorldCat) Other Databases (Google Scholar) Online Stores (Bookfinder.com) Open Library (openlibrary.org)

Exporting to Dublin Core...

SOUTHVILLE LIBRARY

Southville International School and Colleges Library

1281 Tropical Ave. Cor. Luxembourg St., BF Homes International, Las Pinas City

Tel. No. 8256374 / 252358 Loc. 117/146

Powered by Koha